000
00249nam a2200097Ia 4500
001
662428
005
20250826160153.0
008
250824s9999 xx 000 0 und d
245
0
_a
Bilime Giriş Hava Durumu Tahminleri
260
_b
TÜBİTAK YAYINLARI
999
_c
662428
_d
662428